Disney Cruise Ships - Statistics

General Stats
  • This quiz has been taken 90 times
  • The average score is 6 of 8
Answer Stats
Maiden Voyage Home Port Answer % Correct
July 30, 1998 Port Everglades, Florida Disney Magic
94%
June 29, 2022 Port Canaveral, Florida Disney Wish
89%
January 26, 2011 Port Everglades, Florida Disney Dream
88%
March 31, 2012 Port Canaveral, Florida Disney Fantasy
83%
August 15, 1999 Port of San Diego, California Disney Wonder
78%
December 21, 2024 Port Canaveral, Florida Disney Treasure
77%
March 10, 2026 Port of Singapore, Singapore Disney Adventure
59%
November 20, 2025 Port Everglades, Florida Disney Destiny
52%
No matching quizzes found
Score Distribution
Percent of People with Each Score
Percentile by Number Answered
Your Score History
You have not taken this quiz